[Event "SWE-chT 1819 Superettan"]
[Site "Sweden"]
[Date "2019.01.12"]
[Round "4"]
[White "Nilsson, Joakim"]
[Black "Winge, Stefan"]
[Result "1-0"]
[WhiteElo "2299"]
[BlackElo "2203"]
[PlyCount "71"]
[EventDate "2018.11.09"]
[EventType "team-tourn"]
[EventRounds "9"]
[EventCountry "SWE"]
[SourceTitle "EXT 2020"]
[Source "ChessBase"]
[SourceDate "2019.10.17"]
[SourceVersion "1"]
[SourceVersionDate "2019.10.17"]
[SourceQuality "1"]
[WhiteTeam "Upsala"]
[BlackTeam "Sodra"]
[WhiteTeamCountry "SWE"]
[BlackTeamCountry "SWE"]

1. d4 Nf6 2. c4 g6 3. Nf3 Bg7 4. g3 0-0 5. Bg2 d5 6. 0-0 c6 7. b3 c5 8. cxd5 Nxd5 9. Bb2 Nc6 10. Na3 Ndb4 11. e3 Bf5 12. Nc4 Bd3 13. Re1 Be4 14. Nfe5 Bxg2 15. Kxg2 cxd4 16. exd4 Nxe5 17. Nxe5 Qd5+ 18. Kg1 Rac8 19. Re2 Rfd8 20. a3 Na6 21. Nc4 e6 22. Rd2 Nb8 23. Ne3 Qe4 24. Rc1 Rxc1 25. Qxc1 Nc6 26. Qc5 Bxd4 27. Bxd4 Nxd4 28. Rxd4 Qxd4 29. Qe7 Qd7 30. Qh4 h5 31. Qg5 Rc8 32. Qf4 Kg7 33. g4 Qc7 34. Qd4+ f6 35. g5 Rf8 36. Nc4 1-0

[Event "SWE-chT2 1112"]
[Site "Sweden"]
[Date "2012.03.10"]
[Round "8"]
[White "Renman, Nils Gustaf"]
[Black "Winge, Stefan"]
[Result "0-1"]
[WhiteElo "2371"]
[BlackElo "2268"]
[PlyCount "114"]
[EventDate "2011.10.22"]
[EventType "team-tourn"]
[EventRounds "9"]
[EventCountry "SWE"]
[SourceTitle "EXT 2013"]
[Source "ChessBase"]
[SourceDate "2012.11.22"]
[SourceVersion "1"]
[SourceVersionDate "2012.11.22"]
[SourceQuality "1"]
[WhiteTeam "Norrkoping Schack 08"]
[BlackTeam "Sodra"]
[WhiteTeamCountry "SWE"]
[BlackTeamCountry "SWE"]

1. d4 Nf6 2. Nf3 g6 3. c4 Bg7 4. Nc3 d5 5. cxd5 Nxd5 6. e4 Nxc3 7. bxc3 0-0 8. Be3 c5 9. Qd2 cxd4 10. cxd4 Nc6 11. Rc1 Bg4 12. d5 Na5 13. Be2 b6 14. 0-0 e5 15. Ne1 Bxe2 16. Qxe2 Rc8 17. Nf3 Qd7 18. Qa6 Qb7 19. Qb5 Rxc1 20. Rxc1 Rc8 21. d6 Rxc1+ 22. Bxc1 Qc6 23. Qxc6 Nxc6 24. d7 f6 25. Nxe5 fxe5 26. Bg5 Kf7 27. d8Q Nxd8 28. Bxd8 Ke6 29. Kf1 h6 30. Bc7 Kd7 31. Bb8 a6 32. Ke2 Bf6 33. Kd3 g5 34. h3 h5 35. g3 g4 36. hxg4 hxg4 37. f3 gxf3 38. Ke3 b5 39. Kxf3 a5 40. Ke2 Ke6 41. Bc7 a4 42. Ba5 Be7 43. Kd3 Bc5 44. Bd2 Kf6 45. Kc3 Kg6 46. Bc1 Kh5 47. Kd3 Kg4 48. Bb2 Bd6 49. Bc3 Kxg3 50. Bb2 Kf3 51. Bc3 a3 52. Bd2 b4 53. Bc1 Bc5 54. Kc4 Be3 55. Bxe3 Kxe3 56. Kxb4 Kxe4 57. Kxa3 Kf3 0-1

[Event "SWE-chT2 1112"]
[Site "Sweden"]
[Date "2011.10.23"]
[Round "2"]
[White "Winge, Stefan"]
[Black "Arnelind, Mikael"]
[Result "0-1"]
[WhiteElo "2268"]
[BlackElo "2165"]
[PlyCount "140"]
[EventDate "2011.10.22"]
[EventType "team-tourn"]
[EventRounds "9"]
[EventCountry "SWE"]
[SourceTitle "EXT 2013"]
[Source "ChessBase"]
[SourceDate "2012.11.22"]
[SourceVersion "1"]
[SourceVersionDate "2012.11.22"]
[SourceQuality "1"]
[WhiteTeam "Sodra"]
[BlackTeam "Orgryte"]
[WhiteTeamCountry "SWE"]
[BlackTeamCountry "SWE"]

1. e4 e6 2. d4 d5 3. Nc3 Bb4 4. e5 c5 5. a3 Bxc3+ 6. bxc3 Ne7 7. a4 Qc7 8. Nf3 h6 9. Bb5+ Bd7 10. Bd3 Nbc6 11. Ba3 cxd4 12. 0-0 Nxe5 13. Nxe5 Qxe5 14. Re1 Qf6 15. cxd4 Bc6 16. Bd6 Ng6 17. Qg4 Kd7 18. Bc5 Qh4 19. Qf3 Qf4 20. Qe2 Qg5 21. Bb5 Rhc8 22. g3 b6 23. Ba3 Bxb5 24. axb5 Rc4 25. Qd3 Qf6 26. c3 h5 27. h4 Rac8 28. Bb4 R8c7 29. Re3 Ne7 30. Qh7 Qg6 31. Qxg6 Nxg6 32. f3 Rb7 33. Kg2 Rc8 34. Kh3 Rbc7 35. Re2 Rb7 36. Rea2 Rcc7 37. Ra3 Kc8 38. Kg2 Rd7 39. Kf2 Rbc7 40. Ke3 Kb8 41. Kd3 Ne7 42. Bxe7 Rxe7 43. Rg1 Re8 44. Ra2 Rec8 45. Rc2 Rc4 46. Re1 Ra4 47. Re5 g6 48. g4 hxg4 49. fxg4 Ra1 50. Ree2 Rg1 51. Rg2 Rxg2 52. Rxg2 Rh8 53. Rh2 g5 54. h5 f5 55. Ke3 Rh7 56. Kf3 Kc7 57. Rg2 f4 58. Re2 Kd6 59. Re5 Rg7 60. Ke2 Ke7 61. c4 dxc4 62. d5 Kd6 63. Rxe6+ Kxd5 64. Rc6 Re7+ 65. Kf2 Kd4 66. h6 c3 67. Rd6+ Kc4 68. Rc6+ Kb3 69. Rg6 c2 70. Rg7 Re8 0-1

[Event "SWE-chT2 0910"]
[Site "Sweden"]
[Date "2010.03.13"]
[Round "8"]
[White "Winge, Stefan"]
[Black "Lundstrom, Mattias"]
[Result "1-0"]
[WhiteElo "2278"]
[BlackElo "2148"]
[PlyCount "51"]
[EventDate "2009.10.24"]
[EventType "team"]
[EventRounds "9"]
[EventCountry "SWE"]
[SourceTitle "EXT 2011"]
[Source "ChessBase"]
[SourceDate "2010.11.26"]
[SourceVersion "1"]
[SourceVersionDate "2010.11.26"]
[SourceQuality "1"]
[WhiteTeam "Sodra"]
[BlackTeam "Manhem II"]
[WhiteTeamCountry "SWE"]
[BlackTeamCountry "SWE"]

1. e4 c5 2. Nf3 d6 3. d4 cxd4 4. Nxd4 Nf6 5. Nc3 a6 6. f3 e6 7. Be3 b5 8. Qd2 Bb7 9. g4 Be7 10. 0-0-0 Nfd7 11. g5 b4 12. Na4 d5 13. Kb1 0-0 14. h4 Qa5 15. b3 dxe4 16. h5 Ne5 17. f4 Ng4 18. Bh3 Nxe3 19. Qxe3 Bc5 20. g6 f5 21. Nxc5 Qxc5 22. Nxf5 Qxe3 23. Nxe3 Nc6 24. Bxe6+ Kh8 25. h6 hxg6 26. Rd7 1-0

[Event "SWE-chT2 0910"]
[Site "Sweden"]
[Date "2010.03.12"]
[Round "7"]
[White "Ziegler, Ari"]
[Black "Winge, Stefan"]
[Result "1-0"]
[WhiteElo "2338"]
[BlackElo "2278"]
[PlyCount "69"]
[EventDate "2009.10.24"]
[EventType "team"]
[EventRounds "9"]
[EventCountry "SWE"]
[SourceTitle "EXT 2011"]
[Source "ChessBase"]
[SourceDate "2010.11.26"]
[SourceVersion "1"]
[SourceVersionDate "2010.11.26"]
[SourceQuality "1"]
[WhiteTeam "Orgryte"]
[BlackTeam "Sodra"]
[WhiteTeamCountry "SWE"]
[BlackTeamCountry "SWE"]

1. e4 c5 2. Nf3 e6 3. d4 cxd4 4. Nxd4 a6 5. Nc3 Ne7 6. g3 Nec6 7. Nde2 Be7 8. Bg2 0-0 9. 0-0 d6 10. g4 b5 11. Ng3 Qc7 12. f4 Nd7 13. g5 b4 14. Nce2 f6 15. h4 fxg5 16. hxg5 Nb6 17. b3 a5 18. Be3 a4 19. Nd4 Ra5 20. f5 d5 21. Nh5 Nxd4 22. Bxd4 e5 23. Be3 Bc5 24. Bxc5 Rxc5 25. Rf2 Kh8 26. Qd2 Rc3 27. Raf1 dxe4 28. Bxe4 Ba6 29. g6 Qe7 30. f6 Rxf6 31. Rxf6 gxf6 32. g7+ Kg8 33. Bd5+ Nxd5 34. Qxd5+ Qf7 35. Qd8+ 1-0

[Event "SWE-chT2 0910"]
[Site "Sweden"]
[Date "2009.10.25"]
[Round "2"]
[White "Winge, Stefan"]
[Black "Zetterberg, Staffan"]
[Result "1-0"]
[WhiteElo "2278"]
[BlackElo "2220"]
[PlyCount "81"]
[EventDate "2009.10.24"]
[EventType "team"]
[EventRounds "9"]
[EventCountry "SWE"]
[SourceTitle "EXT 2011"]
[Source "ChessBase"]
[SourceDate "2010.11.26"]
[SourceVersion "1"]
[SourceVersionDate "2010.11.26"]
[SourceQuality "1"]
[WhiteTeam "Sodra"]
[BlackTeam "Orebro"]
[WhiteTeamCountry "SWE"]
[BlackTeamCountry "SWE"]

1. e4 Nf6 2. e5 Nd5 3. d4 d6 4. Nf3 Bg4 5. Be2 e6 6. c4 Nb6 7. 0-0 Be7 8. Nc3 0-0 9. Be3 a5 10. b3 d5 11. c5 N6d7 12. a3 f6 13. exf6 Bxf6 14. Qc2 c6 15. Bd3 h6 16. Rfe1 Bxf3 17. gxf3 e5 18. Ne2 Na6 19. Rad1 Nc7 20. Bf5 Nb5 21. a4 exd4 22. Bf4 Nc3 23. Nxc3 dxc3 24. Be6+ Kh8 25. Qg6 Re8 26. Bd6 Be7 27. Bf7 Nf6 28. Bxe8 c2 29. Rc1 Bxd6 30. cxd6 Qxd6 31. Bf7 Qb4 32. Qxc2 Rf8 33. Bg6 Qh4 34. Qf5 d4 35. Re7 Rg8 36. Rd1 Ng4 37. Qxg4 Qxe7 38. Rxd4 Qe1+ 39. Kg2 Qe5 40. Rd7 Rf8 41. Be4 1-0

[Event "Salongernas IM"]
[Site "Stockholm"]
[Date "2007.06.13"]
[Round "5"]
[White "Winge, Stefan"]
[Black "Lund, Silas Esben"]
[Result "0-1"]
[WhiteElo "2285"]
[BlackElo "2309"]
[PlyCount "82"]
[EventDate "2007.06.09"]
[EventType "tourn"]
[EventRounds "9"]
[EventCountry "SWE"]
[EventCategory "3"]
[SourceTitle "CBM 119 Extra"]
[Source "ChessBase"]
[SourceDate "2007.09.04"]
[SourceVersion "1"]
[SourceVersionDate "2007.09.04"]
[SourceQuality "1"]

1. e4 e5 2. Nc3 Nf6 3. g3 Bc5 4. Bg2 0-0 5. h3 c6 6. Nge2 d5 7. exd5 Nxd5 8. Nxd5 cxd5 9. d4 exd4 10. 0-0 Nc6 11. Nf4 Bf5 12. Kh2 Be4 13. f3 Bf5 14. g4 Be6 15. Nd3 Bd6+ 16. f4 f5 17. Kg1 fxg4 18. hxg4 Qh4 19. g5 Rae8 20. Qf3 h6 21. Re1 Nb4 22. Bd2 Bg4 23. Qf2 Qxf2+ 24. Nxf2 Bf5 25. c3 Nc2 26. Bxd5+ Kh8 27. Rxe8 Rxe8 28. Rd1 Ne3 29. Re1 Bxf4 30. cxd4 Bxg5 31. Nd1 Rd8 32. Rxe3 Rxd5 33. Re8+ Kh7 34. Bxg5 Bd7 35. Re5 Rxe5 36. dxe5 hxg5 37. Kf2 Kg6 38. Ke3 Kf5 39. Kd4 g4 40. Ne3+ Kf4 41. b4 g3 0-1

[Event "Salongernas IM"]
[Site "Stockholm"]
[Date "2007.06.11"]
[Round "3"]
[White "Winge, Stefan"]
[Black "Olsson, Linus"]
[Result "0-1"]
[WhiteElo "2285"]
[BlackElo "2368"]
[PlyCount "102"]
[EventDate "2007.06.09"]
[EventType "tourn"]
[EventRounds "9"]
[EventCountry "SWE"]
[EventCategory "3"]
[SourceTitle "CBM 119 Extra"]
[Source "ChessBase"]
[SourceDate "2007.09.04"]
[SourceVersion "1"]
[SourceVersionDate "2007.09.04"]
[SourceQuality "1"]

1. e4 g6 2. d4 Nf6 3. e5 Nh5 4. Be2 d6 5. exd6 cxd6 6. c3 Nf6 7. Bg5 Bg7 8. Qc1 0-0 9. Bh6 e5 10. dxe5 dxe5 11. Na3 Nc6 12. Nc2 e4 13. Bxg7 Kxg7 14. Qe3 Re8 15. Nh3 Nd5 16. Qg3 Bxh3 17. gxh3 Qf6 18. 0-0-0 Nf4 19. Qe3 Ne5 20. Kb1 Ned3 21. Rhf1 Rad8 22. Rd2 a5 23. Nd4 Nd5 24. Qg3 Nxc3+ 25. bxc3 Rxd4 26. Bxd3 Rxd3 27. Rxd3 exd3 28. Qxd3 Rd8 29. Qc2 Rc8 30. c4 Qb6+ 31. Qb3 Qd4 32. Rc1 Qxf2 33. Qxb7 Qf5+ 34. Ka1 h5 35. Qb2+ Kh7 36. Qc3 Rc5 37. Qd4 a4 38. Kb2 Qc8 39. Rc3 Qc7 40. Rc2 Qb7+ 41. Ka3 Qc7 42. Qc3 f5 43. h4 f4 44. Qf6 Rf5 45. Qd4 f3 46. c5 Rf4 47. Qe3 Qf7 48. Rf2 Qc4 49. Qe7+ Rf7 50. Qe3 Rb7 51. Rb2 Rd7 0-1

[Event "Salongernas IM"]
[Site "Stockholm"]
[Date "2007.06.10"]
[Round "2"]
[White "Smith, Axel"]
[Black "Winge, Stefan"]
[Result "1/2-1/2"]
[WhiteElo "2251"]
[BlackElo "2285"]
[PlyCount "141"]
[EventDate "2007.06.09"]
[EventType "tourn"]
[EventRounds "9"]
[EventCountry "SWE"]
[EventCategory "3"]
[SourceTitle "CBM 119 Extra"]
[Source "ChessBase"]
[SourceDate "2007.09.04"]
[SourceVersion "1"]
[SourceVersionDate "2007.09.04"]
[SourceQuality "1"]

1. e4 c5 2. Nf3 e6 3. d4 cxd4 4. Nxd4 a6 5. Bd3 Bc5 6. Nb3 Ba7 7. 0-0 Nc6 8. Qe2 Nge7 9. c4 d6 10. Nc3 e5 11. Be3 Be6 12. Nd5 0-0 13. Rac1 a5 14. Qd2 a4 15. Na1 f5 16. Nxe7+ Nxe7 17. Bxa7 Rxa7 18. Rfd1 Qb6 19. exf5 Bxf5 20. Bxf5 Nxf5 21. c5 Qd8 22. cxd6 Nd4 23. Nc2 Qxd6 24. Nxd4 exd4 25. Qxd4 Qb8 26. Qc4+ Kh8 27. Qc7 b5 28. Qxb8 Rxb8 29. g3 g6 30. Rd4 a3 31. bxa3 Rba8 32. Rh4 Kg8 33. Rb4 Rxa3 34. Rxb5 Rxa2 35. Rc7 R2a7 36. Rxa7 Rxa7 37. g4 Kg7 38. Kg2 Kf6 39. Kg3 Kg7 40. Kh4 Rf7 41. Kg3 Ra7 42. Rc5 Rb7 43. Ra5 Rc7 44. h4 Rb7 45. h5 Rc7 46. Kh4 Rf7 47. Kg3 Rb7 48. f4 Rf7 49. Rb5 Ra7 50. Kh4 Rf7 51. Rb4 Ra7 52. Rb6 Rf7 53. hxg6 Rxf4 54. Kg5 Rf8 55. Rb7+ Kg8 56. Rxh7 Rf1 57. Ra7 Rf2 58. Ra5 Kg7 59. Ra7+ Kg8 60. g7 Rb2 61. Kh6 Rb6+ 62. Kh5 Rh6+ 63. Kg5 Rb6 64. Re7 Ra6 65. Kf5 Rb6 66. g5 Ra6 67. Kg4 Rb6 68. Kh5 Ra6 69. g6 Ra5+ 70. Kh6 Rh5+ 71. Kxh5 1/2-1/2

[Event "SWE-chT 0506"]
[Site "Sweden"]
[Date "2006.??.??"]
[Round "10"]
[White "Ericsson, Robert"]
[Black "Winge, Stefan"]
[Result "0-1"]
[WhiteElo "2207"]
[BlackElo "2263"]
[PlyCount "64"]
[EventDate "2005.10.??"]
[EventType "team"]
[EventRounds "11"]
[EventCountry "SWE"]
[SourceTitle "EXT 2008"]
[Source "ChessBase"]
[SourceDate "2007.11.25"]
[SourceVersion "1"]
[SourceVersionDate "2007.11.25"]
[SourceQuality "1"]
[WhiteTeam "Linkoping"]
[BlackTeam "Sodra"]
[WhiteTeamCountry "SWE"]
[BlackTeamCountry "SWE"]

1. e4 c5 2. Nc3 Nc6 3. f4 g6 4. Nf3 Bg7 5. Bc4 e6 6. e5 d5 7. exd6 Qxd6 8. Ne4 Qxf4 9. d3 Qc7 10. 0-0 h6 11. Nxc5 Nd4 12. Nb3 Nf5 13. Qe2 Nge7 14. d4 0-0 15. c3 Nc6 16. Nbd2 Nd6 17. Bd3 Bd7 18. b4 a6 19. Nb3 Nf5 20. Bb2 Rfe8 21. Nc5 Rad8 22. Qf2 Bc8 23. g4 Nd6 24. Qh4 e5 25. dxe5 Nxe5 26. Nxe5 Rxe5 27. h3 Rde8 28. Rae1 b6 29. Rxe5 Rxe5 30. c4 bxc5 31. Bxe5 Bxe5 32. Qxh6 Bd4+ 0-1

[Event "SWE-chT 0304"]
[Site "Sweden"]
[Date "2004.??.??"]
[Round "6"]
[White "Winge, Stefan"]
[Black "Engqvist, Thomas"]
[Result "1/2-1/2"]
[WhiteElo "2290"]
[BlackElo "2432"]
[PlyCount "78"]
[EventDate "2003.10.??"]
[EventType "team"]
[EventRounds "11"]
[EventCountry "SWE"]
[SourceTitle "EXT 2005"]
[Source "ChessBase"]
[SourceDate "2004.11.15"]
[SourceVersion "1"]
[SourceVersionDate "2004.11.15"]
[SourceQuality "1"]
[WhiteTeam "Sodra"]
[BlackTeam "Stockholm Rockaden"]
[WhiteTeamCountry "SWE"]
[BlackTeamCountry "SWE"]

1. e4 c6 2. d4 d5 3. e5 c5 4. c3 Nc6 5. Nf3 Bg4 6. Be2 e6 7. 0-0 Bxf3 8. Bxf3 cxd4 9. cxd4 Qb6 10. Be3 Qxb2 11. Nd2 Qb6 12. Rb1 Qc7 13. g4 Nge7 14. Bg2 h5 15. gxh5 Nf5 16. Qg4 0-0-0 17. Rfc1 g6 18. Bg5 Rd7 19. hxg6 Rg8 20. Nf3 Rxg6 21. h4 Qa5 22. Bf1 Rc7 23. Bd3 Nce7 24. Qf4 Rg8 25. Kf1 Ng6 26. Rxc7+ Qxc7 27. Qd2 Nfe7 28. h5 Nh8 29. Bxe7 Qxe7 30. Qa5 b6 31. Rxb6 axb6 32. Qa8+ Kc7 33. Bb5 Qb4 34. Qc6+ Kb8 35. Qxb6+ Kc8 36. Qc6+ Kb8 37. Qb6+ Kc8 38. Ba6+ Kd7 39. Bb5+ Kc8 1/2-1/2

[Event "SWE-ch Elit"]
[Site "Umea"]
[Date "2003.07.12"]
[Round "13"]
[White "Hamark, Jesper"]
[Black "Winge, Stefan"]
[Result "0-1"]
[WhiteElo "2350"]
[BlackElo "2278"]
[PlyCount "36"]
[EventDate "2003.06.29"]
[EventType "tourn"]
[EventRounds "13"]
[EventCountry "SWE"]
[EventCategory "3"]
[SourceTitle "EXT 2004"]
[Source "ChessBase"]
[SourceDate "2003.11.25"]
[SourceVersion "1"]
[SourceVersionDate "2003.11.25"]
[SourceQuality "1"]

1. e4 c5 2. Nf3 Nc6 3. Nc3 Nf6 4. e5 Ng4 5. Qe2 f6 6. Qe4 Ngxe5 7. Nxe5 Nxe5 8. f4 Nc6 9. f5 e6 10. Bc4 Be7 11. fxe6 dxe6 12. Bxe6 Bxe6 13. Qxe6 Nd4 14. Qe4 f5 15. Qd3 c4 16. Qxc4 Nxc2+ 17. Ke2 Nxa1 18. Re1 Rc8 0-1

[Event "SWE-ch Elit"]
[Site "Umea"]
[Date "2003.07.02"]
[Round "4"]
[White "Winge, Stefan"]
[Black "Lindgren, Fredrik"]
[Result "1/2-1/2"]
[WhiteElo "2291"]
[BlackElo "2222"]
[PlyCount "124"]
[EventDate "2003.06.29"]
[EventType "tourn"]
[EventRounds "13"]
[EventCountry "SWE"]
[EventCategory "3"]
[SourceTitle "EXT 2004"]
[Source "ChessBase"]
[SourceDate "2003.11.25"]
[SourceVersion "1"]
[SourceVersionDate "2003.11.25"]
[SourceQuality "1"]

1. e4 c5 2. Nf3 e6 3. d4 cxd4 4. Nxd4 Nf6 5. Nc3 Nc6 6. Ndb5 Bc5 7. Nd6+ Ke7 8. Nxc8+ Rxc8 9. Bd3 Ne5 10. 0-0 d5 11. exd5 Nxd5 12. Ne4 Nb4 13. Nxc5 Rxc5 14. b3 Rd5 15. Bb2 Nbxd3 16. cxd3 Nxd3 17. Ba3+ Kd7 18. Qg4 Ne5 19. Qg3 Kc8 20. Rac1+ Nc6 21. Bc5 Qg5 22. Qc3 Kb8 23. b4 a6 24. a4 Qe5 25. Qc4 Rc8 26. Rfe1 Qc7 27. Qg4 g5 28. Qh5 Ka8 29. h3 Ne5 30. Be3 Qd7 31. Rxc8+ Qxc8 32. Rc1 Qg8 33. Qxh7 Qd8 34. Qc2 Nc6 35. Bc5 Nd4 36. Qc4 e5 37. b5 Rxc5 38. Qxc5 Ne2+ 39. Kh2 Nxc1 40. Qxc1 axb5 41. axb5 Qd4 42. Qxg5 Qxf2 43. h4 Ka7 44. h5 f6 45. Qg3 Qd2 46. Qh4 Qh6 47. Qf2+ b6 48. Qf5 e4 49. Qd7+ Kb8 50. Qd6+ Ka7 51. Qc7+ Ka8 52. Qc8+ Ka7 53. Qa6+ Kb8 54. Qxb6+ Ka8 55. Qc6+ Kb8 56. Qd6+ Kb7 57. Qd5+ Kb6 58. Qf5 Ka5 59. Qc5 Qf4+ 60. Kh3 e3 61. h6 f5 62. h7 Qg4+ 1/2-1/2

[Event "SWE-chT 0203"]
[Site "Sweden"]
[Date "2003.03.15"]
[Round "9"]
[White "Winge, Stefan"]
[Black "Gustafsson, Fredrik"]
[Result "1-0"]
[WhiteElo "2275"]
[BlackElo "2196"]
[PlyCount "111"]
[EventDate "2002.10.11"]
[EventType "team"]
[EventRounds "11"]
[EventCountry "SWE"]
[SourceTitle "EXT 2004"]
[Source "ChessBase"]
[SourceDate "2003.11.25"]
[SourceVersion "1"]
[SourceVersionDate "2003.11.25"]
[SourceQuality "1"]
[WhiteTeam "Sodra"]
[BlackTeam "Eksjo"]
[WhiteTeamCountry "SWE"]
[BlackTeamCountry "SWE"]

1. e4 c5 2. Nf3 d6 3. d4 cxd4 4. Nxd4 Nf6 5. Nc3 g6 6. Be3 Bg7 7. f3 0-0 8. Qd2 Nc6 9. 0-0-0 Nxd4 10. Bxd4 Be6 11. Kb1 Qc7 12. g4 Rfc8 13. h4 Qa5 14. Qg5 Qxg5 15. hxg5 Nd7 16. Bxg7 Kxg7 17. Rh4 f6 18. gxf6+ Nxf6 19. g5 Nh5 20. f4 Rf8 21. f5 Bg8 22. Bg2 Rad8 23. Re1 e5 24. Ne2 Bc4 25. Bf3 Bxe2 26. Rxe2 Nf4 27. Reh2 gxf5 28. exf5 Rxf5 29. Rxh7+ Kg6 30. Be4 Rdf8 31. Rh1 Kxg5 32. Rg1+ Kf6 33. Rh6+ Ke7 34. Bxf5 Rxf5 35. Rg7+ Rf7 36. Rxf7+ Kxf7 37. Rxd6 Ke7 38. Rh6 Kd7 39. Kc1 Nd5 40. Kd2 Nb4 41. a3 Nc6 42. Kd3 Kc7 43. Ke4 Kb6 44. Kd5 Kb5 45. Rh7 Kb6 46. c4 a5 47. b3 Nd4 48. b4 Nc2 49. c5+ Ka6 50. b5+ Kxb5 51. Rxb7+ Ka6 52. Rb3 a4 53. Rc3 Nd4 54. c6 Nb5 55. c7 Nxc3+ 56. Kc6 1-0

[Event "SWE-chT 0203"]
[Site "Sweden"]
[Date "2003.03.01"]
[Round "8"]
[White "Winge, Stefan"]
[Black "Soderberg, Per"]
[Result "0-1"]
[WhiteElo "2275"]
[BlackElo "2272"]
[PlyCount "66"]
[EventDate "2002.10.11"]
[EventType "team"]
[EventRounds "11"]
[EventCountry "SWE"]
[SourceTitle "EXT 2004"]
[Source "ChessBase"]
[SourceDate "2003.11.25"]
[SourceVersion "1"]
[SourceVersionDate "2003.11.25"]
[SourceQuality "1"]
[WhiteTeam "Sodra"]
[BlackTeam "Wasa"]
[WhiteTeamCountry "SWE"]
[BlackTeamCountry "SWE"]

1. e4 c5 2. Nf3 d6 3. d4 cxd4 4. Nxd4 Nf6 5. Nc3 a6 6. f3 e5 7. Nb3 Be6 8. Be3 Nbd7 9. Qd2 Be7 10. g4 b5 11. g5 Nh5 12. a4 b4 13. Nd5 Bxd5 14. Qxd5 0-0 15. Rg1 Qc7 16. a5 Nc5 17. Qd2 Ne6 18. Ra4 Nhf4 19. h4 Rfc8 20. Rxb4 Qxc2 21. Qxc2 Rxc2 22. Na1 Rh2 23. Bf2 d5 24. Rb6 Rxf2 25. Kxf2 Bc5+ 26. Kg3 Bxg1 27. Rxa6 Rb8 28. b3 g6 29. Rd6 dxe4 30. Bc4 e3 31. Nc2 Bf2+ 32. Kg4 h5+ 33. gxh6 f5# 0-1

[Event "SWE-chT 0203"]
[Site "Sweden"]
[Date "2003.02.08"]
[Round "7"]
[White "Bator, Robert"]
[Black "Winge, Stefan"]
[Result "1-0"]
[WhiteElo "2414"]
[BlackElo "2275"]
[PlyCount "63"]
[EventDate "2002.10.11"]
[EventType "team"]
[EventRounds "11"]
[EventCountry "SWE"]
[SourceTitle "EXT 2004"]
[Source "ChessBase"]
[SourceDate "2003.11.25"]
[SourceVersion "1"]
[SourceVersionDate "2003.11.25"]
[SourceQuality "1"]
[WhiteTeam "Stockholm Rockaden"]
[BlackTeam "Sodra"]
[WhiteTeamCountry "SWE"]
[BlackTeamCountry "SWE"]

1. d4 Nf6 2. Nf3 g6 3. g3 Bg7 4. c4 0-0 5. Bg2 d5 6. cxd5 Nxd5 7. 0-0 Nb6 8. Nc3 Nc6 9. d5 Na5 10. e4 c6 11. Bg5 cxd5 12. Nxd5 Nxd5 13. exd5 Bxb2 14. Rb1 Bf6 15. Bxf6 exf6 16. Qd4 b6 17. Rfd1 Qd6 18. Nd2 f5 19. Qh4 Bd7 20. Nf3 f6 21. Nd4 Nb7 22. Nc6 Nc5 23. a4 Rfe8 24. a5 Ne4 25. axb6 axb6 26. Rxb6 Ra2 27. Rf1 Qc5 28. Bxe4 Qxb6 29. Qxf6 Bxc6 30. Bg2 Ree2 31. dxc6 Rxf2 32. Bd5# 1-0